Sports Quiz

Random Sports or NBA Quiz

NBA All Star Kids Quiz Stats

Quiz not verified by Sporcle

Challenge
Share
Tweet
Score 0/21 Timer 15:00
0 Plays Today
% Correct
LeBron James
99.4%
Scottie Pippen
75.5%
Kevin Durant
72.3%
Yao Ming
64.5%
Michael Jordan
60.6%
Dwayne Wade
59.7%
Rajon Rondo
56.5%
Nate Robinson
52.6%
Carmelo Anthony
52.3%
Stephen Curry
51.6%
Kevin Garnett
44.5%
% Correct
Paul Pierce
41.3%
Shaquille O'Neal
40%
Russell Westbrook
38.1%
Ray Allen
34.8%
Charles Barkley
31%
Earvin Johnson
26.1%
Alonzo Mourning
23.2%
Chris Bosh
21%
Allen Iverson
17.4%
Vince Carter
8.7%

You're not logged in!

Compare scores with friends on all Sporcle quizzes.
Sign Up with Email
OR
Log In

You Might Also Like...

Show Comments

Extras

Top Quizzes Today


Score Distribution

Your Account Isn't Verified!

In order to create a playlist on Sporcle, you need to verify the email address you used during registration. Go to your Sporcle Settings to finish the process.